[Event "I Hotel Nazari IM 2014"]
[Site "Granada ESP"]
[Date "2014.04.15"]
[Round "1.1"]
[White "Barrero Garcia, Carlos"]
[Black "Gavilan Diaz, Mario"]
[Result "1-0"]
[WhiteTitle "IM"]
[BlackTitle "FM"]
[WhiteElo "2358"]
[BlackElo "2269"]
[WhiteFideId "2219522"]
[BlackFideId "2260905"]
[EventDate "2014.04.15"]

1. d4 Nf6 2. Nf3 d6 3. Nc3 Nbd7 4. e4 e5 5. g4 Nxg4 6. Rg1 Ngf6 7. Bc4 exd4 8.
Qxd4 Nb6 9. e5 Qe7 10. Bb5+ c6 11. Bf4 dxe5 12. Bxe5 Be6 13. Bd3 Rd8 14. Qh4
Nbd5 15. O-O-O Qb4 16. Nxd5 Nxd5 17. c4 Nb6 18. Bc3 Qe7 19. Qf4 Qc5 20. Rg5 Qd6
21. Be5 Qb4 22. Bc3 Qd6 23. Re5 c5 24. Ng5 Qe7 25. Rde1 Rd6 26. Bf5 Kd7 27. Nxf7
Qxf7 28. Bxe6+ Qxe6 29. Rxe6 Rxe6 30. Qf5 1-0

[Event "I Hotel Nazari IM 2014"]
[Site "Granada ESP"]
[Date "2014.04.15"]
[Round "1.2"]
[White "Guerreiro, Nuno"]
[Black "Cruz Ravina, Francisco Javier"]
[Result "0-1"]
[BlackTitle "FM"]
[WhiteElo "2142"]
[BlackElo "2320"]
[WhiteFideId "1903012"]
[BlackFideId "2228939"]
[EventDate "2014.04.15"]

1. Nf3 g6 2. g3 Bg7 3. Bg2 e5 4. d3 d5 5. c4 Ne7 6. cxd5 Nxd5 7. O-O O-O 8. a3
b6 9. Qc2 Bb7 10. Bd2 c5 11. Nc3 Nc6 12. Rfc1 Re8 13. Qd1 Nf6 14. Ne1 Qd7 15.
Qa4 Rac8 16. Rab1 Ba8 17. Qh4 Nd4 18. Bxa8 Rxa8 19. Bg5 Nd5 20. Kf1 h6 21. Bd2
Nb3 22. Rd1 Nxd2+ 23. Rxd2 Nxc3 24. bxc3 e4 25. Rc2 Qf5 26. Kg2 exd3 27. Nxd3
Re4 28. Qh3 Qxh3+ 29. Kxh3 Rae8 30. Rbb2 Ra4 31. Ra2 Rc4 32. a4 Rxc3 33. a5 Rxc2
34. Rxc2 Re4 35. Nf4 Rd4 36. Kg2 g5 37. Nd3 Ra4 38. axb6 axb6 39. Kf3 c4 40. Nc1
b5 41. Ra2 Rb4 42. Ke4 Bb2 43. Ra8+ Kg7 44. Na2 Rb3 45. Kd5 c3 46. Rc8 Ba1 47.
Rc6 Bb2 48. Ke4 Ra3 0-1

[Event "I Hotel Nazari IM 2014"]
[Site "Granada ESP"]
[Date "2014.04.15"]
[Round "1.3"]
[White "Fernandez Garcia, Jose Miguel"]
[Black "Adrian, Claude"]
[Result "1-0"]
[WhiteTitle "FM"]
[BlackTitle "IM"]
[WhiteElo "2357"]
[BlackElo "2229"]
[WhiteFideId "22200070"]
[BlackFideId "601071"]
[EventDate "2014.04.15"]

1. d4 Nf6 2. c4 c5 3. d5 b5 4. Bg5 Ne4 5. Bf4 Qa5+ 6. Nd2 g5 7. Be5 Rg8 8. f3
Nxd2 9. Bc3 Nxf3+ 10. exf3 b4 11. Bd2 Bg7 12. Qc2 Qc7 13. O-O-O a5 14. Nh3 h6
15. d6 exd6 16. Re1+ Kf8 17. Qe4 Be5 18. f4 Bb7 19. Qh7 Rh8 20. Qf5 gxf4 21.
Nxf4 Nc6 22. Ng6+ Kg7 23. Nxh8 Rxh8 24. Bd3 Nd4 25. Qg4+ Kf8 26. Rhf1 Qd8 27.
Qh5 Qe7 28. Bxh6+ Ke8 29. Rxf7 Qxf7 30. Bg6 Qxg6 31. Qxg6+ Kd8 32. Rxe5 1-0

[Event "I Hotel Nazari IM 2014"]
[Site "Granada ESP"]
[Date "2014.04.15"]
[Round "1.4"]
[White "Bravo Lutz, Sebastian"]
[Black "Spielmann, Alain"]
[Result "1-0"]
[BlackTitle "FM"]
[WhiteElo "2250"]
[BlackElo "2184"]
[WhiteFideId "4671082"]
[BlackFideId "602272"]
[EventDate "2014.04.15"]

1. e4 c5 2. Nf3 e6 3. d3 Nc6 4. g3 g6 5. Bg2 Bg7 6. O-O Nge7 7. c3 O-O 8. d4 d5
9. e5 Qb6 10. Na3 cxd4 11. cxd4 Bd7 12. b3 f6 13. Bb2 Nb4 14. Re1 f5 15. Qd2
Rfc8 16. Rec1 Rxc1+ 17. Bxc1 Rc8 18. Bb2 a5 19. Ne1 Bf8 20. Nb1 Nec6 21. Nf3 Na7
22. Nc3 Nb5 23. Na4 Qd8 24. Ne1 Be7 25. h4 Na7 26. Nc5 b6 27. Nxd7 Qxd7 28. a3
Nbc6 29. Bf1 Qe8 30. Bd3 Qf8 31. Nf3 Nd8 32. Ba6 Rc6 33. Bd3 Rc8 34. Kg2 Nf7 35.
Qe2 Rc7 36. Qd2 Qh6 37. Qe1 Qf8 38. Qd2 Qh6 39. Qe1 Qf8 40. Rc1 Rxc1 41. Qxc1
Qc8 42. Qxc8+ Nxc8 43. Bb5 Nd8 44. Bc1 Na7 45. Bd7 Nac6 46. Kf1 Nb8 47. Bc8 Kf7
48. Ng5+ Bxg5 49. Bxg5 Ndc6 50. Be3 Na7 51. Bb7 Ke7 52. Ke2 Kd7 53. Kf3 Kc7 54.
Ba8 Nd7 55. Kf4 Kb8 56. Bxd5 exd5 57. Kg5 Nc8 58. e6 Kc7 59. Bf4+ Kd8 60. exd7
Kxd7 61. Kh6 Ke6 62. Kxh7 Kf7 63. Bc7 Kf6 64. f3 Kf7 65. Kh6 Kf6 66. Bd8+ Kf7
67. Kg5 1-0

[Event "I Hotel Nazari IM 2014"]
[Site "Granada ESP"]
[Date "2014.04.15"]
[Round "1.5"]
[White "Ladron De Guevara Pinto, Paolo"]
[Black "Rasmussen, Karsten"]
[Result "1/2-1/2"]
[WhiteTitle "FM"]
[BlackTitle "IM"]
[WhiteElo "2325"]
[BlackElo "2430"]
[WhiteFideId "2290847"]
[BlackFideId "1400088"]
[EventDate "2014.04.15"]

1. e4 c6 2. Nc3 d5 3. Nf3 Bg4 4. h3 Bxf3 5. Qxf3 e6 6. d4 dxe4 7. Qxe4 Nf6 8.
Qd3 Be7 9. g3 Nd5 10. a3 Nxc3 11. Qxc3 Qd5 12. Rg1 a5 13. Be3 O-O 14. Qd3 a4 15.
Bg2 Qa5+ 16. Bd2 Qb6 17. O-O-O Nd7 18. Bc3 Nf6 19. Rge1 Rfd8 20. f4 Nd5 21. Bd2
Bf6 22. Re4 c5 23. c4 Ne7 24. Bc3 Qc7 25. Qc2 Nf5 26. d5 Nxg3 27. Be5 Bxe5 28.
Rxe5 Nf5 29. dxe6 fxe6 30. Rde1 Nd4 31. Qc3 Rf8 32. Qe3 Rad8 33. Kb1 b6 34. Qe4
Qf7 35. Rf1 Qf6 36. Ka2 g6 37. Bf3 Rd6 38. Bd1 Kh8 39. h4 Qxh4 40. Rg5 Rd7 41.
Qe5+ Kg8 42. Rfg1 Rg7 43. Bxa4 1/2-1/2

[Event "I Hotel Nazari IM 2014"]
[Site "Granada ESP"]
[Date "2014.04.16"]
[Round "2.1"]
[White "Gavilan Diaz, Mario"]
[Black "Rasmussen, Karsten"]
[Result "1/2-1/2"]
[WhiteTitle "FM"]
[BlackTitle "IM"]
[WhiteElo "2269"]
[BlackElo "2430"]
[WhiteFideId "2260905"]
[BlackFideId "1400088"]
[EventDate "2014.04.15"]

1. e4 c6 2. d4 d5 3. Nc3 dxe4 4. Nxe4 Bf5 5. Nc5 Nd7 6. Bd3 Bxd3 7. Nxd3 e6 8.
Nf3 Ngf6 9. O-O Be7 10. c4 O-O 11. Be3 Qc7 12. Re1 Rad8 13. Qc2 c5 14. Rad1 cxd4
15. Bxd4 h6 16. h3 Rfe8 17. Re2 a6 18. b3 Rc8 19. Qb2 Red8 20. Rde1 b5 21. c5
Nb8 22. Nfe5 Nc6 23. Bc3 b4 24. Nxb4 Nxb4 25. Bxb4 Nd5 26. Bd2 Qxc5 27. Qb1 Bf6
28. Qe4 1/2-1/2

[Event "I Hotel Nazari IM 2014"]
[Site "Granada ESP"]
[Date "2014.04.16"]
[Round "2.2"]
[White "Spielmann, Alain"]
[Black "Ladron De Guevara Pinto, Paolo"]
[Result "0-1"]
[WhiteTitle "FM"]
[BlackTitle "FM"]
[WhiteElo "2184"]
[BlackElo "2325"]
[WhiteFideId "602272"]
[BlackFideId "2290847"]
[EventDate "2014.04.15"]

1. c4 e5 2. g3 Nf6 3. Bg2 Bc5 4. Nc3 O-O 5. Nf3 e4 6. Ng5 Bxf2+ 7. Kxf2 Ng4+ 8.
Kg1 Qxg5 9. Nxe4 Qg6 10. b3 f5 11. Nf2 Nf6 12. Bb2 d6 13. Qc2 Nc6 14. Rc1 Bd7
15. Nd3 Nh5 16. e3 Rae8 17. c5 Kh8 18. cxd6 cxd6 19. Nf4 Nxf4 20. gxf4 Nb4 21.
Qd1 Nd3 22. Rb1 Bc6 23. Qf1 Qg4 24. h3 Qg3 25. Rh2 Be4 26. Bc3 Nxf4 0-1

[Event "I Hotel Nazari IM 2014"]
[Site "Granada ESP"]
[Date "2014.04.16"]
[Round "2.3"]
[White "Adrian, Claude"]
[Black "Bravo Lutz, Sebastian"]
[Result "1-0"]
[WhiteTitle "IM"]
[WhiteElo "2229"]
[BlackElo "2250"]
[WhiteFideId "601071"]
[BlackFideId "4671082"]
[EventDate "2014.04.15"]

1. Nf3 Nf6 2. c4 g6 3. g3 Bg7 4. Bg2 d6 5. d4 O-O 6. O-O Bg4 7. Nc3 Nc6 8. d5
Na5 9. Nd2 c5 10. Qc2 a6 11. Re1 Rb8 12. b3 e5 13. h3 Bd7 14. Rb1 b5 15. Bb2 Nh5
16. e3 f5 17. Ne2 b4 18. f4 Nb7 19. Kh2 Qc7 20. Ra1 a5 21. a3 Nd8 22. axb4 axb4
23. Ra2 Nf7 24. Rea1 Rfe8 25. Nf3 Qd8 26. Ra7 Re7 27. Ne1 Qe8 28. Bf1 g5 29. Nd3
Bf6 30. Rc7 Ra8 31. Rxa8 Qxa8 32. fxe5 Nxe5 33. Nxe5 dxe5 34. d6 Rg7 35. Bg2 Qf8
36. Qd2 Kh8 37. Rxc5 e4 38. Bxf6 Qxf6 39. Rc7 f4 40. gxf4 gxf4 41. Nxf4 Nxf4 42.
exf4 Qg6 43. Rb7 Qg3+ 44. Kh1 h5 45. Rb8+ Rg8 46. Qd4+ Kh7 47. Bxe4+ Kh6 1-0

[Event "I Hotel Nazari IM 2014"]
[Site "Granada ESP"]
[Date "2014.04.16"]
[Round "2.4"]
[White "Cruz Ravina, Francisco Javier"]
[Black "Fernandez Garcia, Jose Miguel"]
[Result "0-1"]
[WhiteTitle "FM"]
[BlackTitle "FM"]
[WhiteElo "2320"]
[BlackElo "2357"]
[WhiteFideId "2228939"]
[BlackFideId "22200070"]
[EventDate "2014.04.15"]

1. e4 c5 2. Nf3 Nc6 3. d4 cxd4 4. Nxd4 Nf6 5. Nc3 d6 6. Bg5 Qb6 7. Nb3 Bd7 8.
Be2 e6 9. O-O Rc8 10. Be3 Qc7 11. f3 a6 12. Na4 Nb4 13. Nb6 Nxc2 14. Rc1 Nxe3
15. Rxc7 Rxc7 16. Qd4 Nxf1 17. Kxf1 e5 18. Qd2 Be7 19. Na5 O-O 20. b3 Be6 21.
Nac4 Rc6 22. a4 Rd8 23. Nd5 Bxd5 24. exd5 Rc5 25. Ne3 Rdc8 26. g4 g6 27. h4 Ne8
28. g5 Ng7 29. f4 exf4 30. Ng4 Nf5 31. Qxf4 Rc1+ 32. Kf2 R1c2 33. Nh6+ Nxh6 34.
gxh6 Bf8 35. Qe4 Rb2 0-1

[Event "I Hotel Nazari IM 2014"]
[Site "Granada ESP"]
[Date "2014.04.16"]
[Round "2.5"]
[White "Barrero Garcia, Carlos"]
[Black "Guerreiro, Nuno"]
[Result "1-0"]
[WhiteTitle "IM"]
[WhiteElo "2358"]
[BlackElo "2142"]
[WhiteFideId "2219522"]
[BlackFideId "1903012"]
[EventDate "2014.04.15"]

1. d4 d5 2. c4 e5 3. dxe5 d4 4. Nf3 Nc6 5. Nbd2 Nge7 6. Nb3 Nf5 7. e4 dxe3 8.
Qxd8+ Nxd8 9. fxe3 Be7 10. Bd3 Nh4 11. Kf2 Nc6 12. Nbd4 Nb4 13. Be4 O-O 14. Bd2
Na6 15. Bc3 Nc5 16. Bc2 Ne6 17. Kg3 Ng6 18. h4 Re8 19. h5 Ngf8 20. Nf5 Bd8 21.
Rad1 Nc5 22. e4 a5 23. h6 Nfe6 24. hxg7 Bd7 25. Rxh7 Kxh7 26. Rh1+ Kg6 27. Rh6# 1-0

[Event "I Hotel Nazari IM 2014"]
[Site "Granada ESP"]
[Date "2014.04.16"]
[Round "3.1"]
[White "Guerreiro, Nuno"]
[Black "Gavilan Diaz, Mario"]
[Result "0-1"]
[BlackTitle "FM"]
[WhiteElo "2142"]
[BlackElo "2269"]
[WhiteFideId "1903012"]
[BlackFideId "2260905"]
[EventDate "2014.04.15"]

1. Nf3 Nf6 2. g3 g6 3. Bg2 Bg7 4. O-O O-O 5. c4 d6 6. Nc3 Nc6 7. Rb1 a5 8. a3 e5
9. d3 Re8 10. b4 axb4 11. axb4 e4 12. dxe4 Nxe4 13. Nd5 Ne7 14. Bb2 Nxd5 15.
cxd5 Nc3 16. Bxc3 Bxc3 17. Qc2 Qf6 18. Rb3 Ba1 19. e3 Re7 20. Nd2 Bf5 21. e4 Bg4
22. Nc4 Bd7 23. Rf3 Qd4 24. Rd3 Qg7 25. Rb1 f5 26. Ra3 Rxa3 27. Nxa3 Bc3 28. Qd3
fxe4 29. Bxe4 Qd4 30. Qxd4 Bxd4 31. Bf3 Bh3 32. Nb5 Bb6 33. Rd1 Rf7 34. Rd3 g5
35. g4 h5 36. gxh5 g4 37. Bg2 Rxf2 38. Bxh3 Rf3+ 39. Kg2 Rxd3 40. Bxg4 Kg7 41.
Bf3 Kh6 42. Kg3 Rb3 43. Kg2 Kg5 44. h4+ Kxh4 45. h6 Rb2+ 0-1

[Event "I Hotel Nazari IM 2014"]
[Site "Granada ESP"]
[Date "2014.04.16"]
[Round "3.2"]
[White "Fernandez Garcia, Jose Miguel"]
[Black "Barrero Garcia, Carlos"]
[Result "1/2-1/2"]
[WhiteTitle "FM"]
[BlackTitle "IM"]
[WhiteElo "2357"]
[BlackElo "2358"]
[WhiteFideId "22200070"]
[BlackFideId "2219522"]
[EventDate "2014.04.15"]

1. d4 Nf6 2. Nf3 e6 3. c4 Bb4+ 4. Bd2 c5 5. Bxb4 cxb4 6. g3 b6 7. Bg2 Bb7 8. O-O
O-O 9. Nbd2 d6 10. Qa4 a5 11. Rfd1 Qd7 1/2-1/2

[Event "I Hotel Nazari IM 2014"]
[Site "Granada ESP"]
[Date "2014.04.16"]
[Round "3.3"]
[White "Bravo Lutz, Sebastian"]
[Black "Cruz Ravina, Francisco Javier"]
[Result "1/2-1/2"]
[BlackTitle "FM"]
[WhiteElo "2250"]
[BlackElo "2320"]
[WhiteFideId "4671082"]
[BlackFideId "2228939"]
[EventDate "2014.04.15"]

1. e4 e6 2. Qe2 d5 3. exd5 Qxd5 4. Nc3 Qd8 5. b3 Nc6 6. Nf3 Nf6 7. Bb2 Nd4 8.
Nxd4 Qxd4 9. O-O-O Bd7 10. f3 Qb6 11. Kb1 a5 12. a4 O-O-O 13. Qe3 Bc5 14. d4 Be7
15. Bc4 Bc6 16. Rhe1 Bb4 17. Re2 Bd5 18. Bxd5 Nxd5 19. Nxd5 Rxd5 20. c3 Be7 21.
c4 Rd7 22. Ka2 Bf6 23. Qe4 Rhd8 24. Red2 h6 25. Bc3 c5 26. dxc5 Rxd2+ 27. Rxd2
Rxd2+ 28. Bxd2 Qxc5 29. Qe3 Qxe3 30. Bxe3 h5 31. Bb6 Bc3 32. Kb1 Kd7 33. Kc2 Bb4
34. Kd3 Kc6 35. Bd8 Kd7 36. Bb6 Kc6 37. Bd8 Kd7 1/2-1/2

[Event "I Hotel Nazari IM 2014"]
[Site "Granada ESP"]
[Date "2014.04.16"]
[Round "3.4"]
[White "Ladron De Guevara Pinto, Paolo"]
[Black "Adrian, Claude"]
[Result "1-0"]
[WhiteTitle "FM"]
[BlackTitle "IM"]
[WhiteElo "2325"]
[BlackElo "2229"]
[WhiteFideId "2290847"]
[BlackFideId "601071"]
[EventDate "2014.04.15"]

1. e4 c5 2. Nf3 Nc6 3. d4 cxd4 4. Nxd4 g6 5. Nc3 Bg7 6. Be3 Nf6 7. Bc4 O-O 8.
Bb3 d6 9. f3 Qa5 10. O-O Bd7 11. Qd2 Rfc8 12. Rad1 Ne5 13. Qe2 a6 14. Bg5 Nc6
15. Nxc6 Bxc6 16. Bd2 Qh5 17. Qf2 b5 18. Ne2 Bb7 19. Nf4 Qc5 20. Be3 Qc7 21. c3
a5 22. a3 Qb8 23. Rfe1 a4 24. Ba2 Ra6 25. Nd3 e6 26. Nb4 Ra8 27. Qd2 Rd8 28. Qd3
d5 29. Qxb5 Re8 30. e5 Nh5 31. f4 g5 32. g3 gxf4 33. gxf4 Qd8 34. Qxb7 Qh4 35.
Re2 Qg4+ 36. Kf1 Nxf4 37. Bxf4 Qf3+ 38. Ke1 Qxf4 39. Qb6 Bxe5 40. Nd3 Qh4+ 41.
Qf2 Bf6 42. Qxh4 Bxh4+ 43. Kd2 f6 44. Kc2 Kf7 45. Nc5 Ra5 46. Nb7 Ra6 47. Rd4
Bg5 48. Nc5 Ra5 49. Nd3 Rd8 50. h4 Bh6 51. Rb4 Bf8 52. Rb7+ Be7 53. Nf4 Rd6 54.
Rb8 e5 55. Nxd5 Rdxd5 56. Rd2 Ke6 57. Rxd5 Rxd5 58. Rb5 1-0

[Event "I Hotel Nazari IM 2014"]
[Site "Granada ESP"]
[Date "2014.04.16"]
[Round "3.5"]
[White "Rasmussen, Karsten"]
[Black "Spielmann, Alain"]
[Result "1-0"]
[WhiteTitle "IM"]
[BlackTitle "FM"]
[WhiteElo "2430"]
[BlackElo "2184"]
[WhiteFideId "1400088"]
[BlackFideId "602272"]
[EventDate "2014.04.15"]

1. c4 g6 2. Nc3 Bg7 3. g3 Nf6 4. Bg2 O-O 5. d4 Nc6 6. e3 d6 7. Nge2 Bd7 8. O-O
Qc8 9. e4 Bh3 10. f3 Bxg2 11. Kxg2 e5 12. Be3 exd4 13. Nxd4 Re8 14. Qd2 Ne5 15.
b3 c6 16. Rad1 Qc7 17. Bh6 Bxh6 18. Qxh6 Qe7 19. Qe3 a5 20. Qe2 Rad8 21. Rfe1
Ned7 22. Qd2 Nc5 23. Nce2 Qc7 24. Nf5 d5 25. exd5 cxd5 26. Qg5 Nh5 27. cxd5 Qe5
28. Ned4 Qf6 29. Nh6+ Kg7 30. Nhf5+ Kg8 31. Ne7+ Kf8 32. Qh6+ Qg7 33. Qe3 Qf6
34. d6 Kg7 35. Ndf5+ gxf5 36. Qxc5 Qb2+ 37. Kg1 Nf4 38. gxf4 1-0

[Event "I Hotel Nazari IM 2014"]
[Site "Granada ESP"]
[Date "2014.04.17"]
[Round "4.1"]
[White "Gavilan Diaz, Mario"]
[Black "Spielmann, Alain"]
[Result "1-0"]
[WhiteTitle "FM"]
[BlackTitle "FM"]
[WhiteElo "2269"]
[BlackElo "2184"]
[WhiteFideId "2260905"]
[BlackFideId "602272"]
[EventDate "2014.04.15"]

1. e4 c5 2. Nf3 e6 3. d4 cxd4 4. Nxd4 Nc6 5. Nc3 Qc7 6. Be3 Nf6 7. Qd2 a6 8.
O-O-O Bb4 9. f3 O-O 10. g4 b5 11. Kb1 Rb8 12. g5 Ne8 13. Nxc6 dxc6 14. h4 e5 15.
h5 Be6 16. Bh3 Bxh3 17. Rxh3 Nd6 18. Qe2 Nc4 19. Rd3 Rfd8 20. Bc1 Rxd3 21. cxd3
Bxc3 22. bxc3 Nb6 23. g6 Na4 24. Qc2 fxg6 25. hxg6 hxg6 26. Qb3+ Kf8 27. Qe6 1-0

[Event "I Hotel Nazari IM 2014"]
[Site "Granada ESP"]
[Date "2014.04.17"]
[Round "4.2"]
[White "Adrian, Claude"]
[Black "Rasmussen, Karsten"]
[Result "1/2-1/2"]
[WhiteTitle "IM"]
[BlackTitle "IM"]
[WhiteElo "2229"]
[BlackElo "2430"]
[WhiteFideId "601071"]
[BlackFideId "1400088"]
[EventDate "2014.04.15"]

1. c4 e5 2. g3 Nf6 3. Bg2 Nc6 4. Nc3 Bc5 5. a3 a6 6. e3 d6 7. Nge2 Ba7 8. d4
exd4 9. exd4 h6 10. O-O O-O 11. Qd3 Ne7 12. b3 Bf5 13. Qf3 c6 14. h3 Qd7 15. g4
Bc2 16. b4 d5 17. c5 Nh7 18. Ng3 Rae8 19. Bf4 f5 20. Bd6 Ng5 21. Qf4 Rf7 22. Qd2
fxg4 23. Qxc2 gxh3 24. Bh1 Qg4 25. Qd1 Nf3+ 26. Bxf3 Rxf3 27. Qe1 h5 28. Kh2 h4
29. Rg1 hxg3+ 30. Rxg3 Rxg3 31. fxg3 Qg6 32. Bxe7 Qf7 33. Ra2 Rxe7 34. Re2 Rxe2+
35. Qxe2 Bb8 36. Kxh3 Bc7 37. Kg2 Bd8 38. Qf3 Qg6 39. Ne2 Bf6 40. Qf4 Qd3 41.
Qb8+ Kf7 42. Qc7+ Kg8 43. Qc8+ Kh7 44. Qh3+ Kg8 45. Qc8+ 1/2-1/2

[Event "I Hotel Nazari IM 2014"]
[Site "Granada ESP"]
[Date "2014.04.17"]
[Round "4.3"]
[White "Cruz Ravina, Francisco Javier"]
[Black "Ladron De Guevara Pinto, Paolo"]
[Result "0-1"]
[WhiteTitle "FM"]
[BlackTitle "FM"]
[WhiteElo "2320"]
[BlackElo "2325"]
[WhiteFideId "2228939"]
[BlackFideId "2290847"]
[EventDate "2014.04.15"]

1. e4 c5 2. Nf3 Nc6 3. d4 cxd4 4. Nxd4 Nf6 5. Nc3 d6 6. Bg5 Bd7 7. Qd2 Rc8 8.
Be2 h6 9. Be3 a6 10. f3 e6 11. Nb3 Ne5 12. O-O Qc7 13. a4 Be7 14. Rfd1 Nc4 15.
Bxc4 Qxc4 16. Qd4 Qc7 17. Qa7 Bc6 18. Qb6 Qxb6 19. Bxb6 d5 20. exd5 Nxd5 21.
Nxd5 Bxd5 22. Nd4 Bf6 23. c3 O-O 24. Kf2 g6 25. Nc2 Bb3 26. Rd2 Bxc2 27. Rxc2
Rc6 28. Be3 Bg5 29. Rd1 Rfc8 30. Rd7 R8c7 31. Rcd2 Bxe3+ 32. Kxe3 Kf8 33. f4 Ke8
34. Rxc7 Rxc7 35. Rd4 Ke7 36. a5 h5 37. c4 f6 38. Kd3 g5 39. fxg5 fxg5 40. b4
Rc8 41. Ke4 Rf8 42. Ke3 Rf1 43. c5 Rb1 44. g3 Rb2 45. h4 Rb3+ 46. Kf2 g4 47. Kg2
Kf6 48. Kf2 Ke5 49. Rd7 Rxb4 50. Rh7 Ke4 51. Rxh5 Rb2+ 52. Kg1 Kf3 53. Re5 Kxg3
54. Re3+ Kxh4 55. Rxe6 Rb5 56. c6 bxc6 57. Rxc6 Rxa5 58. Rc3 Rd5 59. Ra3 a5 60.
Kg2 Rb5 61. Ra2 Rc5 62. Ra3 Rg5 63. Ra1 g3 64. Ra3 Kh5 65. Ra4 Kg6 66. Rf4 Kg7
67. Rc4 Kf6 68. Re4 Kf5 69. Ra4 Ke6 70. Rc4 Kd5 71. Rc8 Kd4 72. Rd8+ Kc4 73.
Rc8+ Kb4 74. Rb8+ Ka3 75. Ra8 a4 76. Re8 Rg4 77. Re2 Kb3 78. Re3+ Kb4 79. Re8 a3
80. Rb8+ Kc3 81. Rc8+ Kb3 0-1

[Event "I Hotel Nazari IM 2014"]
[Site "Granada ESP"]
[Date "2014.04.17"]
[Round "4.4"]
[White "Barrero Garcia, Carlos"]
[Black "Bravo Lutz, Sebastian"]
[Result "1-0"]
[WhiteTitle "IM"]
[WhiteElo "2358"]
[BlackElo "2250"]
[WhiteFideId "2219522"]
[BlackFideId "4671082"]
[EventDate "2014.04.15"]

1. d4 d6 2. e4 Nf6 3. Nc3 g6 4. g3 Bg7 5. Bg2 Nbd7 6. Nge2 O-O 7. O-O c5 8. h3
cxd4 9. Nxd4 Nc5 10. Re1 a6 11. a4 a5 12. Bg5 Be6 13. Qd2 Re8 14. b3 Nfd7 15.
Rad1 Ne5 16. Be3 Nc6 17. Ndb5 Qc8 18. Kh2 Nb4 19. f4 Nxc2 20. Qxc2 Bxb3 21. Qb1
Bxd1 22. Rxd1 Bxc3 23. Nxc3 Qe6 24. Bxc5 dxc5 25. Nd5 Qc6 26. Bf1 Rad8 27. Nxe7+
Rxe7 28. Rxd8+ Kg7 29. Qb2+ Kh6 30. Rg8 f6 31. g4 Qe6 32. g5+ fxg5 33. fxg5+
Kxg5 34. Qd2+ 1-0

[Event "I Hotel Nazari IM 2014"]
[Site "Granada ESP"]
[Date "2014.04.17"]
[Round "4.5"]
[White "Guerreiro, Nuno"]
[Black "Fernandez Garcia, Jose Miguel"]
[Result "0-1"]
[BlackTitle "FM"]
[WhiteElo "2142"]
[BlackElo "2357"]
[WhiteFideId "1903012"]
[BlackFideId "22200070"]
[EventDate "2014.04.15"]

1. Nf3 Nf6 2. g3 b6 3. Bg2 Bb7 4. O-O e6 5. d3 d5 6. Nbd2 Nbd7 7. e4 dxe4 8. Ng5
Be7 9. Ngxe4 Qc8 10. Nxf6+ Nxf6 11. Ne4 Nxe4 12. dxe4 h5 13. Qd4 O-O 14. Qe5 h4
15. gxh4 Bxh4 16. c3 Rd8 17. Bf4 Rd7 18. Rfd1 Bf6 19. Qb5 Rxd1+ 20. Rxd1 e5 21.
Be3 Bxe4 22. f3 c6 23. Qa4 Bd5 24. c4 Be6 25. f4 Bd7 26. c5 Be8 27. Rd2 bxc5 28.
Bxc5 Qg4 29. Qb3 Qxf4 30. Be3 Qh4 31. Rf2 a5 32. Bb6 Rb8 33. Qe3 Qg5 34. Qc5 e4
35. Rf5 Bd4+ 36. Qxd4 Qxf5 37. a4 Qg5 38. Kf2 c5 39. Qxe4 Qf6+ 0-1

[Event "I Hotel Nazari IM 2014"]
[Site "Granada ESP"]
[Date "2014.04.17"]
[Round "5.1"]
[White "Fernandez Garcia, Jose Miguel"]
[Black "Gavilan Diaz, Mario"]
[Result "0-1"]
[WhiteTitle "FM"]
[BlackTitle "FM"]
[WhiteElo "2357"]
[BlackElo "2269"]
[WhiteFideId "22200070"]
[BlackFideId "2260905"]
[EventDate "2014.04.15"]

1. d4 Nf6 2. Nf3 g6 3. Nc3 d5 4. Bg5 Ne4 5. Nxe4 dxe4 6. Nd2 Qxd4 7. c3 Qd5 8.
Qa4+ Bd7 9. Qxe4 Qxe4 10. Nxe4 Bc6 11. Nc5 Nd7 12. Nxd7 Bxd7 13. e4 Bc6 14. f3
f6 15. Be3 O-O-O 16. Bc4 e5 17. Ke2 a6 18. h4 Bb5 19. Bxb5 axb5 20. a4 b4 21.
cxb4 Bxb4 22. Rhc1 Kb8 23. Rc4 Be7 24. a5 Rd7 25. a6 b6 26. b4 Rhd8 27. Ra2 f5
28. g3 Rf8 29. b5 Bd6 30. Rc6 Rfd8 31. Rac2 f4 32. gxf4 exf4 33. Bd4 Re8 34.
R2c4 h6 35. Kf1 g5 36. h5 g4 37. Kg2 g3 38. Bc3 Bc5 39. e5 Be3 40. a7+ Ka8 41.
Rxc7 Rd1 42. Rc8+ Rxc8 43. Rxc8+ Kxa7 44. Rc7+ Kb8 45. Rg7 Rg1+ 46. Kh3 Rh1+ 47.
Kg2 Rh2+ 48. Kf1 Rf2+ 49. Ke1 g2 50. e6 Rf1+ 51. Ke2 g1=Q 52. e7 Rf2+ 53. Kd3
Qb1+ 54. Kc4 Qa2+ 0-1

[Event "I Hotel Nazari IM 2014"]
[Site "Granada ESP"]
[Date "2014.04.17"]
[Round "5.2"]
[White "Bravo Lutz, Sebastian"]
[Black "Guerreiro, Nuno"]
[Result "1-0"]
[WhiteElo "2250"]
[BlackElo "2142"]
[WhiteFideId "4671082"]
[BlackFideId "1903012"]
[EventDate "2014.04.15"]

1. e4 c5 2. Nf3 g6 3. d3 Nc6 4. g3 Bg7 5. Bg2 Nf6 6. O-O O-O 7. Nc3 d6 8. h3 Rb8
9. Be3 Bd7 10. Qd2 Ne8 11. Nh4 e6 12. f4 f5 13. Nf3 b5 14. exf5 gxf5 15. d4 cxd4
16. Nxd4 Nxd4 17. Bxd4 Bxd4+ 18. Qxd4 Qb6 19. Ne2 b4 20. Rfe1 Kf7 21. a3 b3 22.
cxb3 a5 23. Qxb6 Rxb6 24. Nd4 Kf6 25. Rac1 e5 26. Bc6 Bxc6 27. Rxc6 Rxc6 28.
fxe5+ dxe5 29. Nxc6 e4 30. Rd1 Rf7 31. Nxa5 h5 32. h4 Rc7 33. Nc4 Ng7 34. a4 Ne6
35. Rd6 Ke7 36. Rd5 Kf6 37. Rd6 Ke7 38. Rd5 Kf6 39. Ne3 Ng7 40. a5 Ke6 41. Rb5
Rc1+ 42. Kf2 Rb1 43. Rb6+ Kf7 44. Nc4 Ne6 45. a6 Nc5 46. Nd6+ Kf8 47. a7 1-0

[Event "I Hotel Nazari IM 2014"]
[Site "Granada ESP"]
[Date "2014.04.17"]
[Round "5.4"]
[White "Rasmussen, Karsten"]
[Black "Cruz Ravina, Francisco Javier"]
[Result "1/2-1/2"]
[WhiteTitle "IM"]
[BlackTitle "FM"]
[WhiteElo "2430"]
[BlackElo "2320"]
[WhiteFideId "1400088"]
[BlackFideId "2228939"]
[EventDate "2014.04.15"]

1. c4 e6 2. Nf3 d5 3. d4 c5 4. e3 Nf6 5. Nc3 Nc6 6. a3 dxc4 7. Bxc4 a6 8. O-O b5
9. Ba2 Be7 10. Qc2 cxd4 11. exd4 Bb7 12. Be3 O-O 13. Rad1 Na5 14. Ne5 Rc8 15.
Rfe1 Bd5 16. Qb1 Bxa2 17. Qxa2 Nc4 18. Bg5 Qc7 19. Nxc4 1/2-1/2